ARRUPE JESUIT UNIVERSITY

CORONAVIRUS -STOP THE SPREAD - CLEAN,DISINFECT,COVER

The Development of fundamental theology. (Record no. 131543)

MARC details
000 -LEADER
fixed length control field 00936cam a2200289 4500
001 - CONTROL NUMBER
control field 3153148
003 - CONTROL NUMBER IDENTIFIER
control field ARRUPE
005 - DATE AND TIME OF LATEST TRANSACTION
control field 20221121104037.0
008 - FIXED-LENGTH DATA ELEMENTS--GENERAL INFORMATION
fixed length control field 690814s1969 nyu b 000 0 eng
010 ## - LIBRARY OF CONGRESS CONTROL NUMBER
LC control number 74092116
028 ## - PUBLISHER NUMBER
Source Arrupe
040 ## - CATALOGING SOURCE
Original cataloging agency DLC
Transcribing agency DLC
Modifying agency DLC
050 00 - LIBRARY OF CONGRESS CALL NUMBER
Classification number BX1747
Item number .D48
082 00 - DEWEY DECIMAL CLASSIFICATION NUMBER
Classification number 230
300 ## - PHYSICAL DESCRIPTION
Dimensions 24 cm.
245 04 - TITLE STATEMENT
Title The Development of fundamental theology.
Statement of responsibility, etc Edited by Johannes B. Metz.
260 ## - PUBLICATION, DISTRIBUTION, ETC. (IMPRINT)
Place of publication, distribution, etc New York,
Name of publisher, distributor, etc Paulist Press
Date of publication, distribution, etc [1969]
300 ## - PHYSICAL DESCRIPTION
Extent viii, 180 p.
350 ## - PRICE (NR) (BK AM CF MU VM SE) [OBSOLETE]
Price 4.50
490 1# - SERIES STATEMENT
Series statement Concilium: theology in the age of renewal. Fundamental theology, v. 46
504 ## - BIBLIOGRAPHY, ETC. NOTE
Bibliography, etc Bibliographical footnotes.
610 20 - SUBJECT ADDED ENTRY--CORPORATE NAME
Corporate name or jurisdiction name as entry element Catholic Church
General subdivision Doctrines
-- History.
650 #0 - SUBJECT ADDED ENTRY--TOPICAL TERM
Topical term or geographic name as entry element Apologetics
General subdivision History.
9 (RLIN) 51872
700 1# - ADDED ENTRY--PERSONAL NAME
Personal name Metz, Johann Baptist,
Dates associated with a name 1928,
Relator term ed.
9 (RLIN) 51873
830 #0 - SERIES ADDED ENTRY--UNIFORM TITLE
Uniform title Concilium (Glen Rock, N.J.) ;
Volume number/sequential designation v. 46.
9 (RLIN) 51874
906 ## - LOCAL DATA ELEMENT F, LDF (RLIN)
a 7
b cbc
c orignew
d u
e ncip
f 19
g y-gencatlg
942 ## - ADDED ENTRY ELEMENTS (KOHA)
Source of classification or shelving scheme Library of Congress Classification
Koha item type Monograph ( Printed materials)

No items available.

 

Arrupe Library. PO Box MP320 Mt Pleasant, Harare, Zimbabwe
263 242 745411|librarian@aju.ac.zw